| 000 | 00576nam a22001932 4500 | ||
|---|---|---|---|
| 001 | 0000009461 | ||
| 005 | 20151217155839.0 | ||
| 008 | 081028s xx 000 0 eng d | ||
| 020 | _cDonation | ||
| 040 |
_aKABU _cKABU |
||
| 110 | 2 |
_aNational AIDS Control Council. _@0000160926 |
|
| 245 | 1 | 0 |
_aKenya HIV/AIDS data booklet 2005 / _cNational AIDS Control Council. |
| 260 |
_aNairobi : _bNACC, _c[200?] |
||
| 300 | _a61 p. | ||
| 650 | 0 |
_aHIV infections _zKenya. _@0000160927 |
|
| 908 | _a081028 | ||
| 950 | _@1 | ||
| 999 |
_c13166 _d13166 |
||